| 000 | 00818nam a2200265Ia 4500 | ||
|---|---|---|---|
| 003 | OSt | ||
| 005 | 20220925184749.0 | ||
| 006 | a|||||r|||| 00| 0 | ||
| 007 | ta | ||
| 008 | 220923b |||||||| |||| 00| 0 eng d | ||
| 020 | _a1840141506 | ||
| 037 | _cGeneral Book | ||
| 040 |
_aRTL _cRTL _beng |
||
| 041 |
_2eng _aeng |
||
| 082 | _aX:(G:55), P2 | ||
| 100 |
_aFranzini Maurizio Ed. _9231301 |
||
| 245 | 0 | _aEconomic institutions and environmental policy | |
| 260 |
_aAldershot _bAshgate Publishers _c2002 |
||
| 300 |
_a240p _ccm. |
||
| 490 | _aAshgate Studies in Environmental Policy and Practice | ||
| 650 | _aEnvironmental Economics | ||
| 700 |
_a Nicita Antonio Ed. _9231303 |
||
| 942 |
_hX:(G:55), P2 _cGB _2CC |
||
| 999 |
_c508789 _d508789 |
||